000 01040nam a2200265Ia 4500
003 OSt
005 20221005104422.0
006 a|||||r|||| 00| 0
007 ta
008 221004b |||||||| |||| 00| 0 hin d
020 _a9788126317752 (hbk)
_c400
024 _a122675
037 _b13335, 17/07/2012, Kitab Ghar
_cTextual
040 _aCRL
_cCRL
_bhin
041 _2hin
_ahin
082 _aO44,3(V2:51.N5, P9
100 _aनरेन्दª मोहन, संपा.
_9623788
245 0 _aविभाजन भारतीय भाड्ढाओं की कहानियॉं
246 _aVibhājan bhāratīya bhāḍḍhāoan kī kahāniyaॉan
260 _aदिल्ली
_bभारतीय ज्ञानपीठ भारत
_c2009
300 _a424पृ0
_ccm.
650 _aहिन्दी साहित्य
942 _hO44,3(V2:51.N5, P9
_cTEXL
_2cc
999 _c1012662
_d1012662